| 000 | 00296nam a22001097a 4500 | ||
|---|---|---|---|
| 082 |
_a359.003 _bBRA |
||
| 245 | _aBrassey's Naval & Shipping Annual | ||
| 260 |
_aLondon _cC1935 |
||
| 526 |
_a0 _b0 _c0 _d359_003000000000000_BRA |
||
| 650 |
_aBrassey's Naval & Shipping Annual _949860 |
||
| 942 |
_2ddc _cBK |
||
| 999 |
_c552604 _d552604 |
||